Climate change and agriculture in Africa : (Record no. 528228)
[ view plain ]
| 000 -LEADER | |
|---|---|
| fixed length control field | 01760cam a22003734a 4500 |
| 001 - CONTROL NUMBER | |
| control field | 15043946 |
| 003 - CONTROL NUMBER IDENTIFIER | |
| control field | NUST |
| 005 - DATE AND TIME OF LATEST TRANSACTION | |
| control field | 20190904075157.0 |
| 008 - FIXED-LENGTH DATA ELEMENTS--GENERAL INFORMATION | |
| fixed length control field | 071009s2008 enkab b 001 0 eng |
| 010 ## - LIBRARY OF CONGRESS CONTROL NUMBER | |
| LC control number | 2007041607 |
| 020 ## - INTERNATIONAL STANDARD BOOK NUMBER | |
| International Standard Book Number | 9781844075478 |
| 035 ## - SYSTEM CONTROL NUMBER | |
| System control number | (DNAL)992619 |
| 038 ## - RECORD CONTENT LICENSOR | |
| Staff Name | M.Sohail |
| 040 ## - CATALOGING SOURCE | |
| Original cataloging agency | DNAL/DLC |
| Transcribing agency | DLC |
| Modifying agency | DLC |
| 042 ## - AUTHENTICATION CODE | |
| Authentication code | pcc |
| 043 ## - GEOGRAPHIC AREA CODE | |
| Geographic area code | f------ |
| 050 00 - LIBRARY OF CONGRESS CALL NUMBER | |
| Classification number | S472.A1 |
| Item number | C55 2008 |
| 070 0# - NATIONAL AGRICULTURAL LIBRARY CALL NUMBER | |
| Classification number | S472.A1 |
| Item number | C55 2008 |
| 082 00 - DEWEY DECIMAL CLASSIFICATION NUMBER | |
| Classification number | 338.14096 |
| Edition number | 22 |
| Author Mark | DIN |
| 245 00 - TITLE STATEMENT | |
| Title | Climate change and agriculture in Africa : |
| Remainder of title | impact assessment and adaptation strategies / |
| Statement of responsibility, etc. | edited by Ariel Dinar ... [et al.] ; with contributions from Leopold Somé ... [et al.] ; with support from the World Bank. |
| 260 ## - PUBLICATION, DISTRIBUTION, ETC. | |
| Place of publication, distribution, etc. | London ; |
| -- | Sterling, VA : |
| Name of publisher, distributor, etc. | Earthscan, |
| Date of publication, distribution, etc. | 2008. |
| 300 ## - PHYSICAL DESCRIPTION | |
| Extent | xvi, 189 p. : |
| Other physical details | ill., maps (some col.) ; |
| Dimensions | 25 cm. |
| 490 0# - SERIES STATEMENT | |
| Series statement | Earthscan climate |
| 504 ## - BIBLIOGRAPHY, ETC. NOTE | |
| Bibliography, etc. note | Includes bibliographical references (p. [119]-126] and index. |
| 505 0# - FORMATTED CONTENTS NOTE | |
| Formatted contents note | Introduction and rationale -- Study objectives, structure, methodology, organization and countries' agro-climatic conditions -- Methods and models developed and used in the study -- Results of the country analyses -- Results of the regional analyses -- Summary, conclusions and policy implications. |
| 650 #0 - SUBJECT ADDED ENTRY--TOPICAL TERM | |
| Topical term or geographic name entry element | Agriculture |
| Geographic subdivision | Africa. |
| 9 (RLIN) | 19859 |
| 650 #0 - SUBJECT ADDED ENTRY--TOPICAL TERM | |
| Topical term or geographic name entry element | Climatic changes |
| Geographic subdivision | Africa. |
| 9 (RLIN) | 19860 |
| 650 #0 - SUBJECT ADDED ENTRY--TOPICAL TERM | |
| Topical term or geographic name entry element | Agriculture and state |
| Geographic subdivision | Africa. |
| 9 (RLIN) | 19861 |
| 700 1# - ADDED ENTRY--PERSONAL NAME | |
| Personal name | Dinar, Ariel, |
| Dates associated with a name | 1947- |
| 9 (RLIN) | 2205 |
| 856 41 - ELECTRONIC LOCATION AND ACCESS | |
| Materials specified | Table of contents only |
| Uniform Resource Identifier | <a href="http://www.loc.gov/catdir/toc/fy0805/2007041607.html">http://www.loc.gov/catdir/toc/fy0805/2007041607.html</a> |
| 906 ## - LOCAL DATA ELEMENT F, LDF (RLIN) | |
| a | 7 |
| b | cbc |
| c | orignew |
| d | 1 |
| e | ecip |
| f | 20 |
| g | y-gencatlg |
| 942 ## - ADDED ENTRY ELEMENTS (KOHA) | |
| Source of classification or shelving scheme | |
| Koha item type | Book |
| Withdrawn status | Lost status | Source of classification or shelving scheme | Damaged status | Not for loan | Permanent Location | Current Location | Date acquired | Total Checkouts | Full call number | Barcode | Date last seen | Price effective from | Koha item type |
|---|---|---|---|---|---|---|---|---|---|---|---|---|---|
| School of Civil and Environmental Engineering (SCEE) | School of Civil and Environmental Engineering (SCEE) | 09/04/2019 | 338.14096 DIN | NIT-10281 | 09/04/2019 | 09/04/2019 | Book |
